| 000 | 00440 a2200121 4500 | ||
|---|---|---|---|
| 001 | ART_3548 | ||
| 005 | 20260410161716.0 | ||
| 008 | 260409a | ||
| 245 | 1 | 0 | _aInnovación genética, esfuerzos, públicos de investigación y desarrollo y la frontera tecnológica internacional |
| 100 | 1 | _aKatz, Jorge M. | |
| 700 | 1 | _aBercovich, Néstor | |
| 773 | 0 |
_tDesarrollo económico _g- Vol. 28, Nº 110 (jul./sep. 1988) _wREV1174 |
|
| 999 |
_c16495 _d16495 |
||